000 01147nam a22002417a 4500
999 _c4517
_d4517
003 AR-CdUCM
008 190308b ||||| |||| 00| 0 spa d
020 _a978-9972-691-82-9
040 _aMUNICIPALIDAD PROVINCIAL DEL CUSCO
_cBIBLIOTECA MUNICIPAL DEL CUSCO
082 _a305.4 /
_bM42
100 _aMeentzen, Angela
_914162
245 _aRelaciones de genero, poder e identidad femenina en cambio :
_bEl orden social de los aymaras rurales peruanos desde la perspectiva femenina /
260 _aCusco :
_bCentro Bartolomé de las Casas,
_c2007.
300 _a351 paginas ;
_c23 cm.
440 _aCentro Bartolomé de las Casas
_n10
_914163
505 _aContenido : Genero y pueblos indígenas en América Latina -- Investigación andina, subjetividad y procesos de cambio en las relaciones de genero en comunidades aymaras rurales -- Panorama histórico de los aymaras de la región de Puno ...
650 _aRelaciones de genero
_914164
650 _aAymaras
_914165
650 _aIdentidad de la mujer en el Perú
_914166
710 _aEstudios regionales andinos Bartolomé de las casas
_914167
942 _2ddc
_cLIBROS
945 _arah